| 000 | 00441nam a22001457a 4500 | ||
|---|---|---|---|
| 999 |
_c15601 _d15601 |
||
| 003 | OSt | ||
| 008 | 190517b ||||| |||| 00| 0 eng d | ||
| 020 | _a9789351243045 | ||
| 082 |
_a630.68 _bADH/EN |
||
| 100 |
_aAdhikary, Manas Mohan _94082 |
||
| 245 | _aEnterprise and entrepreneurship for agri-business management and planning : the global perspective | ||
| 260 |
_aNew Delhi _bDaya Publishing House _c2014 |
||
| 300 | _a606 p. | ||
| 942 | _cBK | ||